Преданният приятел (Запис номер 173562)
[ съкратено ]
| 000 -Лидер | |
|---|---|
| Контролно поле с фиксирана дължина | 01534nam a2200325 a 4500 |
| 003 - Код на организацията, давaща контролен номер | |
| Контролно поле | BLK |
| 005 - Дата и час на последна редакция | |
| Контролно поле | 20241104111040.0 |
| 008 - Елементи от данни с фиксирана дължина | |
| fixed length control field | 180411b bul|||||r ||||||| ||bul|| |
| 010 ## - Наследен системен номер | |
| LC control number | KNG00181975000 |
| 040 ## - Източник на каталожния запис | |
| Идентификатор на билиотеката - собственик на записа | BLK |
| 041 ## - Код за език | |
| Код за езика на текст/звукозапис или на отделно заглавие | Български |
| Код за езика КДБФ | Български |
| 080 ## - УДК | |
| Текстов определител УДК | Литература на отделни езици и езикови семейства |
| УДК код - определител по УДК | 821 |
| УДК определител | -34 |
| УДК - код + определител | 821-34 |
| 100 1# - Редна дума - Автор | |
| Автор | Уайлд, Оскар |
| Дати, свързани с автора | 1854 - 1900 |
| Автор - информация (биография) | Английски писател, поет, драматург |
| Пълна форма на името | Уайлд, Оскар Фингъл О'Флеърти Уилс |
| R(LIN) | 132080 |
| 139 ## - Редно поле | |
| Редна дума | Уайлд, Оскар |
| Авторски знак | Уаи - У 13 |
| 245 10 - Сведения за заглавието | |
| Заглавие | Преданният приятел |
| Подзаглавни данни | Приказки |
| Редно поле (дума) | Оскар Уайлд; прев. от англ. Цветан Савов Стоянов; худож. Златка Дъбова. |
| 257 ## - Страна на издаване | |
| Страна на създаване/издаване | Великобритания |
| 260 ## - Област на издателските данни | |
| Място на издаване, разпространение и проч. | София |
| Име на издателя, разпространителя и проч. | Нар. младеж |
| Година на издаване | 1961 |
| 300 ## - Физическа характеристика | |
| Страници | 40 с. |
| Илюстрации и др. | с ил. |
| Размери/Мащаб | 22 см |
| 380 ## - Жанр | |
| Жанр | Детска худож. лит. |
| 490 ## - СЕРИИ (Колекции) | |
| Име на серия | Масова библиотека Пчелица |
| №: серия | 2 |
| 9 (RLIN) | 205275 |
| 500 ## - Общи забележки | |
| Забележка | Подбрани от англ. изд. The works of Oskar Wilde. London. - 50 100 тир. - Авт. не е даден на кор. |
| 700 1# - Други автори (авторска отговорност) | |
| Лично име | Стоянов, Цветан Савов |
| Автороска отговорност (Описва отношението между автора и произведението) | прев. от англ. |
| 9 (RLIN) | 364382 |
| 700 1# - Други автори (авторска отговорност) | |
| Лично име | Дъбова, Златка |
| Автороска отговорност (Описва отношението между автора и произведението) | худож. |
| 9 (RLIN) | 376971 |
| 852 ## - Местоположение | |
| Форматна сигнатура | Цб 32160 |
| Фондова буква | Хранилище |
| 856 4# - Електронен адрес и достъп | |
| Електронен формат | pdf - файл |
| 856 4# - Електронен адрес и достъп | |
| Електронен формат | pdf - файл |
| 999 ## - СИСТЕМНИ КОНТРОЛНИ НОМЕРА | |
| Koha biblionumber | 173562 |
| Koha biblioitemnumber | 173562 |
| 942 ## - АРТИКУЛИ | |
| Вид на библиотечния материал | Книги |
| Скрит в OPAC | Не |
| Периодичен библиозапис | Да |
| 944 ## - СЪЗДАВАНЕ И РЕДАКЦИЯ на ЗАПИСА | |
| Създаване/Редакция | Създаване |
| Дата на регистрацията/редакция | 16.09.2015 |
| Служител, извършил регистрацията/редакцията | 30560 |
| Статус, дата на статуса | Геновева Генчева |
| 944 ## - СЪЗДАВАНЕ И РЕДАКЦИЯ на ЗАПИСА | |
| Създаване/Редакция | Редакция |
| Дата на регистрацията/редакция | 16.09.2015 |
| Служител, извършил регистрацията/редакцията | Кина_Георгиева |
| Код за отписване | Код за изгубен артикул | Източник на класификационната схема | Код за повреда | Коз за рестрикции | Код за отдаване | Артикулен № | Име на библиотеката - собственик | Име на библиотеката, в която се намира в момента | Статус (Текущо местоположение) | Дата на вписване в системата | Местоположение - отдел | Цена в лева | Инвентарен номер | Систематично азбучна сигнатура | Баркод | Номер на екземпляра | Цена в евро | Служебна бележка | Служебен тип на артикула |
|---|---|---|---|---|---|---|---|---|---|---|---|---|---|---|---|---|---|---|---|
| Не е изгубен | Universal Decimal Classification | Не е повреден | само за читалня | ползва се в читалня | 296808 | Регионална библиотека "Любен Каравелов" Русе | Регионална библиотека "Любен Каравелов" Русе | Хранилище | 1961-01-01 | Хранилище | 0.11 | 7492/61 | Цб 32160 | 900000094904 | 1 | 0.06 | N: стар фонд Дата: 01.01.1961 | Книги | |
| Изтеглен | Не е изгубен | Universal Decimal Classification | Не е повреден | без рестрикции | заемане за дома | 296809 | Регионална библиотека "Любен Каравелов" Русе | Регионална библиотека "Любен Каравелов" Русе | Детски отдел | 1961-01-01 | Детски отдел | 0.10 | 633423 | ДХ 820/899/У 13 | 633423 | 2 | 0.05 | N: стар фонд Дата: 01.01.1961 | Книги |